书目信息 |
| 题名: |
常微分方程
|
|
| 作者: | 涅梅兹基 著 ;饶生忠 译 | |
| 分册: | ||
| 出版信息: | 北京 科学出版社 1961 |
|
| 页数: | 88页 | |
| 开本: | 20cm | |
| 丛书名: | 1917-1957四十年来的苏联数学 | |
| 单 册: | ||
| 中图分类: | O175.1 | |
| 科图分类: | ||
| 主题词: | ||
| 电子资源: | ||
| ISBN: | ||
| 000 | 00827nam2 2200265 45 | |
| 001 | 0186010928 | |
| 005 | 20060726152300.70 | |
| 010 | @dCNY0.46 | |
| 100 | @a19900818d1961 em y0chiy0121 ea | |
| 101 | 0 | @achi@crus |
| 102 | @aCN@b110000 | |
| 105 | @ay z 000yy | |
| 200 | 10 | @a常微分方程@Achang wei fen fang cheng@f(苏)B.B·涅梅兹基著@F(su)B.B·nie mei zi ji zhu@g饶生忠译@Grao sheng zhong yi |
| 210 | @a北京@c科学出版社@d1961 | |
| 215 | @a88页@d20cm | |
| 225 | 2 | @a1917-1957四十年来的苏联数学 |
| 410 | 0 | @12001 @a1917-1957四十年来的苏联数学 |
| 510 | 1 | @aPartial differential equations@zeng |
| 605 | @a偏微分方程 | |
| 690 | @aO175.1@v3 | |
| 701 | 0 | @a涅梅兹基@Anie mei zi ji@4著 |
| 702 | 0 | @a饶生忠@Arao sheng zhong@4译 |
| 801 | 2 | @aCN@bNLC@c20060726 |
| 801 | 0 | @aCN@b深圳图书馆@c20060726 |
| 905 | @dO175.1@e100 | |
| 常微分方程/(苏)B.B·涅梅兹基著/饶生忠译.-北京:科学出版社,1961 |
| 88页;20cm.-(1917-1957四十年来的苏联数学) |
| ISBN :CNY0.46 |
| ● |
| 相关链接 |
|
|
|
|
正题名:常微分方程
索取号:O175.1/100
 
预约/预借
| 序号 | 登录号 | 条形码 | 馆藏地/架位号 | 状态 | 备注 |
| 1 | 0431684 | 204316846 | 密集书库/ [索取号:O175.1/100] | 在馆 | |
| 2 | 0431838 | 204318381 | 密集书库/ [索取号:O175.1/100] | 在馆 |